000 00306nam a2200121 a 4500
005 20140414131900.0
008 100915s19uu xx 00 eng d
050 _aFIC
_bB81 2003
100 _aBrown, Jeff
245 _aStanley, flat again!.
260 _aNew York :
_bScholastic ,
_c2003.
999 _c110630
_d110630